The Indian Journal of Technical Education (Record no. 9957)
[ view plain ]
| 000 -LEADER | |
|---|---|
| fixed length control field | 00450nam a22001217a 4500 |
| 003 - CONTROL NUMBER IDENTIFIER | |
| control field | OSt |
| 008 - FIXED-LENGTH DATA ELEMENTS--GENERAL INFORMATION | |
| fixed length control field | 201217b ||||| |||| 00| 0 eng d |
| 245 ## - TITLE STATEMENT | |
| Title | The Indian Journal of Technical Education |
| 250 ## - EDITION STATEMENT | |
| Edition statement | 2008(Jul-Sep Vol.31 No.3, Oct-Dec Vol.31 No.4) 2009(Oct-Dec Vol.32 No.4) 2010(Oct-Dec Vol.33 No.4) |
| 260 ## - PUBLICATION, DISTRIBUTION, ETC. (IMPRINT) | |
| Place of publication, distribution, etc | New Delhi |
| Name of publisher, distributor, etc | ISTE - Indian Society for Technical Education |
| 650 ## - SUBJECT ADDED ENTRY--TOPICAL TERM | |
| Topical term or geographic name as entry element | Electronics and Communication Engineering |
| 942 ## - ADDED ENTRY ELEMENTS (KOHA) | |
| Source of classification or shelving scheme | Dewey Decimal Classification |
| Koha item type | BOUND VOLUME |
| Withdrawn status | Lost status | Source of classification or shelving scheme | Materials specified (bound volume or other part) | Damaged status | Not for loan | Collection code | Home library | Current library | Date acquired | Source of acquisition | Serial Enumeration / chronologySerial Enumeration / Volume No. | Total Checkouts | Acc. no. / Barcode | Date last seen | Bill Date | Koha item type |
|---|---|---|---|---|---|---|---|---|---|---|---|---|---|---|---|---|
| Dewey Decimal Classification | Bound Volume | Not For Loan | B.Tech(ECE) | PIET C-LIBRARY | PIET C-LIBRARY | 17/12/2020 | ISTE - Indian Society for Technical Education | 2008(Jul-Sep Vol.31 No.3, Oct-Dec Vol.31 No.4) 2009(Oct-Dec Vol.32 No.4) 2010(Oct-Dec Vol.33 No.4) | BV695 | 17/12/2020 | 09/01/2008 | BOUND VOLUME |